| Tag |
First Indicator |
Second Indicator |
Subfields |
| LEADER |
00000cam a22000007 4500 |
| 001 |
in00000009509 |
| 005 |
20151007051616.0 |
| 008 |
870415s1868 fr af b 00110 fre d |
| 035 |
|
|
|a (OCoLC)15535228
|
| 035 |
|
|
|9 AAA3877AM
|
| 040 |
|
|
|a TRN
|c TRN
|d TXA
|d UtOrBLW
|
| 049 |
|
|
|a TXAM
|c [A12568265]
|
| 050 |
|
4 |
|a QL573
|b .C26 1868
|
| 100 |
1 |
|
|a Capiomont, G.
|
| 245 |
1 |
0 |
|a Revision de la tribu des Hypérides, Lacordaire et en particulier des genres Hypera Germ., Limobius Sch. et Coniatus (Germ.) Sc. renfermant la description de plusiers genres nouveaux et de 88 espèces nouvelles /
|c par G. Capiomont.
|
| 264 |
|
1 |
|a Paris :
|b Buquet,
|c 1868.
|
| 300 |
|
|
|a 368 pages, 6 unnumbered leaves of plates :
|b illustrations ;
|c 22 cm.
|
| 336 |
|
|
|a text
|b txt
|2 rdacontent
|
| 337 |
|
|
|a unmediated
|b n
|2 rdamedia
|
| 338 |
|
|
|a volume
|b nc
|2 rdacarrier
|
| 504 |
|
|
|a Includes bibliographical references and index.
|
| 500 |
|
|
|a "Extrait des Annales de la Société entomologique de France, 1867-1868."
|
| 500 |
|
|
|a Spine title: Revision des Hypérides.
|
| 650 |
|
0 |
|a Beetles.
|
| 740 |
0 |
|
|a Revision des Hypérides.
|
| 999 |
|
|
|a MARS
|
| 999 |
f |
f |
|s 74694ab6-bdda-3562-af9a-a50feb56deac
|i c0bda398-5318-3f5f-a8b2-511a31c3ce07
|t 0
|
| 952 |
f |
f |
|p ric
|a Texas A&M University
|b Rellis Campus
|c Joint Library Facility
|d Remote Storage
|t 0
|e QL573 .C26 1868
|h Library of Congress classification
|i unmediated -- volume
|m A14812568265
|
| 998 |
f |
f |
|a QL573 .C26 1868
|t 0
|l Remote Storage
|